[Event "Torneo Internazionale"]
[Site "Olomouc TCH"]
[Date "1973.08.10"]
[Round "1"]
[White "Paoli, Enrico"]
[Black "Mista, Ladislav"]
[Result "0-1"]
[WhiteElo "2290"]
[BlackElo "2340"]
[PlyCount "96"]
[EventDate "1973.08.10"]

1. e4 c5 2. Nf3 Nc6 3. d4 cxd4 4. Nxd4 e6 5. Nc3 Qc7 6. g3 d6 7. Bg2 Nf6 8. O-O
Be7 9. Re1 O-O 10. h3 a6 11. Kh2 Bd7 12. Nde2 b5 13. a3 Rac8 14. f4 Rfd8 15.
Be3 Na5 16. Bf2 Bc6 17. Nd4 Ba8 18. Qe2 Nc4 19. Nd1 g6 20. c3 e5 21. Nb3 exf4
22. gxf4 Nh5 23. Qg4 d5 24. e5 Qd7 25. Bf3 f5 26. exf6 Nxf6 27. Qxd7 Rxd7 28.
Bd4 Rc6 29. Ne3 Kf7 30. Nxd5 Nxd5 31. Bg4 Rd8 32. f5 Nf6 33. fxg6+ hxg6 34. Rf1
Kg8 35. Bf3 Re6 36. Bxa8 Rxa8 37. Rae1 Rxe1 38. Rxe1 Kf7 39. Rf1 Rc8 40. Rf2
Rc6 41. Nc1 Bc5 42. Rxf6+ Rxf6 43. Bxc5 Nxb2 44. Bd4 Re6 45. Nb3 Nc4 46. Nc5
Nxa3 47. Nxe6 Kxe6 48. Kg3 Nc4 0-1

[Event "Torneo Internazionale"]
[Site "Olomouc TCH"]
[Date "1973.08.11"]
[Round "2"]
[White "Jankovec, Ivan"]
[Black "Paoli, Enrico"]
[Result "1/2-1/2"]
[WhiteElo "2320"]
[BlackElo "2290"]
[PlyCount "55"]
[EventDate "1973.08.10"]

1. Nf3 Nf6 2. d4 d5 3. c4 c6 4. cxd5 cxd5 5. Nc3 Nc6 6. Bf4 Bf5 7. e3 e6 8. Bb5
Nd7 9. O-O Be7 10. Bd3 Bxd3 11. Qxd3 O-O 12. Rac1 a6 13. e4 dxe4 14. Nxe4 Nb6
15. Rfd1 Nd5 16. Bg5 h6 17. Bxe7 Qxe7 18. Ne5 Nxe5 19. dxe5 Rad8 20. g3 Rd7 21.
a3 Rfd8 22. Qb3 Rc7 23. Nc3 Nxc3 24. Rxd8+ Qxd8 25. Rxc3 Rxc3 26. Qxc3 Qd1+ 27.
Kg2 Qd5+ 28. Qf3 1/2-1/2

[Event "Torneo Internazionale"]
[Site "Olomouc TCH"]
[Date "1973.08.12"]
[Round "3"]
[White "Paoli, Enrico"]
[Black "Kriz, Miroslav"]
[Result "1-0"]
[WhiteElo "2290"]
[BlackElo "2315"]
[PlyCount "111"]
[EventDate "1973.08.10"]

1. e4 e6 2. d4 d5 3. Nd2 f5 4. e5 Nh6 5. h4 c5 6. c3 cxd4 7. cxd4 Nc6 8. Nb3
Bb4+ 9. Bd2 O-O 10. Be2 b6 11. Rc1 Bd7 12. Bxb4 Nxb4 13. a3 Nc6 14. Nf3 a5 15.
O-O a4 16. Na1 Na5 17. Qd2 b5 18. Rc5 Nc4 19. Bxc4 bxc4 20. Nc2 f4 21. Nb4 Nf5
22. Qxf4 h6 23. Qg4 Rc8 24. Rxc8 Qxc8 25. Rc1 Qb7 26. Rc3 Be8 27. Ne1 h5 28.
Qf4 Nd6 29. Qe3 Nf5 30. Qd2 Nxh4 31. Rg3 Nf5 32. Rg5 Kh7 33. Nf3 Bg6 34. Rxg6
Kxg6 35. Qg5+ Kf7 36. Qxh5+ Ke7 37. Qg6 Qc8 38. g4 Nh6 39. Qxg7+ Rf7 40. Qg5+
Ke8 41. Qg6 c3 42. bxc3 Qxc3 43. Qxe6+ Kd8 44. Nc6+ Kc7 45. Qd6+ Kb6 46. Nd8+
Ka7 47. Nxf7 Qxf3 48. Qc5+ Ka6 49. Nxh6 Qe4 50. Qb4 Ka7 51. Qxa4+ Kb6 52. Qb3+
Kc6 53. Qh3 Qg6 54. Qg3 Kd7 55. Qf4 Qd3 56. Qf5+ 1-0

[Event "Torneo Internazionale"]
[Site "Olomouc TCH"]
[Date "1973.08.13"]
[Round "4"]
[White "Travnicek, Peter"]
[Black "Paoli, Enrico"]
[Result "1/2-1/2"]
[WhiteElo "2255"]
[BlackElo "2290"]
[PlyCount "77"]
[EventDate "1973.08.10"]

1. e4 c5 2. Nf3 Nc6 3. d4 cxd4 4. Nxd4 Nf6 5. Nc3 d6 6. Bc4 e6 7. Be3 Be7 8.
Qe2 a6 9. O-O-O Qc7 10. Bb3 O-O 11. g4 Nd7 12. Rhg1 Nc5 13. g5 Bd7 14. Qh5
Nxb3+ 15. Nxb3 g6 16. Qe2 b5 17. f4 b4 18. Nb1 a5 19. Nd4 Nxd4 20. Bxd4 e5 21.
Be3 Rfc8 22. Rg2 Rab8 23. h4 exf4 24. Bxf4 Be6 25. e5 d5 26. b3 Rb6 27. h5 Rc6
28. Rd2 Bf5 29. Kb2 Be4 30. hxg6 fxg6 31. Qg4 Bxc2 32. e6 Bd6 33. Bxd6 Qxd6 34.
Rxc2 Qe5+ 35. Kc1 Qe1+ 36. Kb2 Qe5+ 37. Kc1 Qe3+ 38. Kb2 Qe5+ 39. Kc1 1/2-1/2

[Event "Torneo Internazionale"]
[Site "Olomouc TCH"]
[Date "1973.08.14"]
[Round "5"]
[White "Paoli, Enrico"]
[Black "Banas, Jan"]
[Result "1-0"]
[WhiteElo "2290"]
[BlackElo "2360"]
[PlyCount "73"]
[EventDate "1973.08.10"]

1. e4 d6 2. d4 Nf6 3. Nc3 g6 4. Nf3 Bg7 5. h3 O-O 6. Bc4 Nxe4 7. Bxf7+ Rxf7 8.
Nxe4 h6 9. Be3 Nd7 10. Qd2 Kh7 11. Qd3 Nf8 12. Qb3 e6 13. O-O-O a5 14. h4 d5
15. Ng3 b6 16. h5 g5 17. Qd3+ Kg8 18. Kb1 Ba6 19. Qd2 Rc8 20. Ne5 Bxe5 21. dxe5
c5 22. f4 Nh7 23. Ne4 Rg7 24. fxg5 hxg5 25. h6 Rg6 26. Rh5 Qf8 27. Nxg5 Rxh6
28. Nxh7 Rxh7 29. Bh6 Qf7 30. Rdh1 Qe7 31. g4 Kf7 32. Bg5 Rxh5 33. Rxh5 Qf8 34.
Bf6 Qg8 35. Rg5 Qf8 36. Rg7+ Ke8 37. Qg5 1-0

[Event "Torneo Internazionale"]
[Site "Olomouc TCH"]
[Date "1973.08.18"]
[Round "9"]
[White "Paoli, Enrico"]
[Black "Beil, Zdenek"]
[Result "0-1"]
[WhiteElo "2290"]
[BlackElo "2235"]
[PlyCount "74"]
[EventDate "1973.08.10"]

1. e4 c5 2. Nc3 d6 3. f4 g6 4. Nf3 Bg7 5. Bb5+ Bd7 6. Bxd7+ Qxd7 7. O-O Nc6 8.
d3 Nf6 9. Bd2 O-O 10. Qe1 Nd4 11. Rc1 Rae8 12. Kh1 Kh8 13. b3 b6 14. Nxd4 cxd4
15. Ne2 e5 16. f5 d5 17. Ng3 Rc8 18. exd5 Nxd5 19. Qe4 Rc6 20. fxg6 hxg6 21.
Qh4+ Kg8 22. Ne4 f5 23. Ng5 Bf6 24. g4 f4 25. Qh6 Bxg5 26. Qxg5 Re8 27. Kg1 Qe7
28. Qxe7 Rxe7 29. Rfe1 Kf7 30. Kf2 Kf6 31. Kf3 Rec7 32. Ke4 Ke6 33. g5 Rxc2 34.
Rcd1 Kd6 35. h4 Rf7 36. h5 gxh5 37. g6 Rg7 0-1

[Event "Torneo Internazionale"]
[Site "Olomouc TCH"]
[Date "1973.08.21"]
[Round "12"]
[White "Kupka, Slavoj"]
[Black "Paoli, Enrico"]
[Result "1/2-1/2"]
[WhiteElo "2365"]
[BlackElo "2290"]
[PlyCount "34"]
[EventDate "1973.08.10"]

1. c4 c5 2. g3 g6 3. Bg2 Bg7 4. Nc3 Nc6 5. e3 d6 6. Nge2 Nh6 7. d3 O-O 8. O-O
Bd7 9. h3 Qc7 10. Kh2 Nf5 11. Rb1 Rab8 12. b3 a6 13. Bb2 b5 14. Ne4 e5 15. N4c3
Nce7 16. Nd5 Nxd5 17. Bxd5 Bc6 1/2-1/2

[Event "Torneo Internazionale"]
[Site "Olomouc TCH"]
[Date "1973.08.22"]
[Round "13"]
[White "Paoli, Enrico"]
[Black "Tseitlin, Mark D."]
[Result "0-1"]
[WhiteElo "2290"]
[BlackElo "2410"]
[PlyCount "70"]
[EventDate "1973.08.10"]

1. e4 d6 2. d4 Nf6 3. Nc3 g6 4. f4 Bg7 5. Bd3 Na6 6. Nf3 O-O 7. O-O c5 8. d5
Rb8 9. Qe2 Nb4 10. Bc4 a6 11. a4 b6 12. h3 e6 13. dxe6 fxe6 14. e5 Nh5 15. Rd1
d5 16. Na2 Nxa2 17. Rxa2 Nxf4 18. Bxf4 Rxf4 19. Ra3 b5 20. axb5 axb5 21. Bxb5
c4 22. Rd4 Rxf3 23. Rxf3 Rxb5 24. c3 Bd7 25. Rdf4 Qb6+ 26. Rf2 Ra5 27. Kh2 Qc7
28. g3 Ra8 29. Rf7 Qd8 30. Qe3 Be8 31. Rc7 Bc6 32. Rcf7 d4 33. cxd4 Ra1 34. g4
Rh1+ 35. Kg3 Rd1 0-1

[Event "Torneo Internazionale"]
[Site "Olomouc TCH"]
[Date "1973.08.23"]
[Round "14"]
[White "Paoli, Enrico"]
[Black "Boehnisch, Manfred"]
[Result "0-1"]
[WhiteElo "2290"]
[BlackElo "2390"]
[PlyCount "61"]
[EventDate "1973.08.10"]

1. e4 c6 2. d4 d5 3. Nc3 g6 4. Nf3 Bg7 5. h3 Nf6 6. e5 Nfd7 7. Bf4 e6 8. Qd2 h6
9. g4 b6 10. h4 Qe7 11. O-O-O a6 12. Bg2 c5 13. dxc5 bxc5 14. Na4 Bb7 15. Rhe1
Nc6 16. Kb1 Rb8 17. Bf1 Qd8 18. c4 d4 19. Bd3 Na5 20. Be4 Nxc4 21. Qd3 Bxe4 22.
Rxe4 Ndb6 23. Nxc5 Nxb2 24. Kxb2 Na4+ 25. Ka1 Nxc5 26. Qxd4 Qa5 27. Re3 O-O 28.
Qd2 Rfd8 29. Nd4 Rb4 30. Qe1 Qa4 31. Nc6 0-1

[Event "Torneo Internazionale"]
[Site "Olomouc TCH"]
[Date "1973.08.24"]
[Round "15"]
[White "Kubicek, Antonin"]
[Black "Paoli, Enrico"]
[Result "1-0"]
[WhiteElo "2300"]
[BlackElo "2290"]
[PlyCount "83"]
[EventDate "1973.08.10"]

1. c4 c5 2. Nc3 Nc6 3. g3 g6 4. Bg2 Bg7 5. e4 e6 6. Nge2 Nge7 7. d3 a6 8. h4 h5
9. Bg5 Rb8 10. a4 b6 11. Qd2 Nd4 12. Rb1 Ndc6 13. O-O d6 14. Be3 e5 15. Nd5
Nxd5 16. cxd5 Nd4 17. b4 Bd7 18. bxc5 bxc5 19. Nc3 Rb4 20. Rxb4 cxb4 21. Nd1 a5
22. Nb2 O-O 23. Nc4 Qc7 24. Rb1 Rb8 25. Qd1 Qc5 26. Rc1 b3 27. Nb2 Qa3 28. Bxd4
exd4 29. Qd2 Bxa4 30. Rc2 Be8 31. e5 Bxe5 32. Be4 Bg7 33. Qe2 Qb4 34. Bxg6 Be5
35. Qxh5 Qe1+ 36. Kg2 fxg6 37. Qh7+ Kf8 38. Qe7+ Kg8 39. Nc4 b2 40. Nxd6 Qf1+
41. Kxf1 b1=Q+ 42. Kg2 1-0